000 00568nam a22001937a 4500
005 20251108173320.0
008 250721s2005 xx 000 0 ara d
020 _a9772717751
082 1 4 _a924.1/زاي
100 1 _aزايد، أحمد صبري
245 1 0 _aتاريخ و أعمال أعلام الخط العربي /
264 1 _aالقاهره :
_bمكتبة أبن سينا،
_c2005.
300 _a96 ص.
650 1 7 _aالخط العربي
650 1 7 _aالتراجم
650 1 7 _aالأعلام العرب
942 _2ddc
_cBK
999 _c101055
_d101055